Côn trùng học ứng dụng
Tài liệu nhấn mạnh đến cách nhìn tổng quát về ý nhgiã và vai trò của côn trùng với con người và với tự nhiên, đến những nguyên tắc cơ bản điều khiển côn trùng có hại và phát triển côn trùng có lợi, có ích, đồng thời cũng không quên...
Guardado en:
| Autor principal: | |
|---|---|
| Formato: | Libro |
| Lenguaje: | Undetermined |
| Publicado: |
Hà Nội
ĐH Nông nghiệp
2003
|
| Materias: | |
| Etiquetas: |
Agregar Etiqueta
Sin Etiquetas, Sea el primero en etiquetar este registro!
|
| Thư viện lưu trữ: | Trung tâm Học liệu Trường Đại học Cần Thơ |
|---|
| LEADER | 01063nam a2200205Ia 4500 | ||
|---|---|---|---|
| 001 | CTU_111037 | ||
| 008 | 210402s9999 xx 000 0 und d | ||
| 020 | |c 29000 | ||
| 082 | |a 632.7 | ||
| 082 | |b H305 | ||
| 100 | |a Bùi, Công Hiển | ||
| 245 | 0 | |a Côn trùng học ứng dụng | |
| 245 | 0 | |c Bùi Công Hiển, Trần Huy Thọ | |
| 260 | |a Hà Nội | ||
| 260 | |b ĐH Nông nghiệp | ||
| 260 | |c 2003 | ||
| 520 | |a Tài liệu nhấn mạnh đến cách nhìn tổng quát về ý nhgiã và vai trò của côn trùng với con người và với tự nhiên, đến những nguyên tắc cơ bản điều khiển côn trùng có hại và phát triển côn trùng có lợi, có ích, đồng thời cũng không quên đưa ra những ví dụ và kỹ thuật để thực hiện những nguyên tắc đó. | ||
| 650 | |a Insects as carriers of plant diseases | ||
| 904 | |i Nguyên | ||
| 980 | |a Trung tâm Học liệu Trường Đại học Cần Thơ | ||